[Event "Paul Keres mem. (42nd)"]
[Site "Richmond CAN"]
[Date "2017.05.20"]
[Round "1.4"]
[White "Li, James"]
[Black "Sohal, Tanraj"]
[Result "0-1"]
[WhiteElo "2062"]
[BlackElo "2373"]
[WhiteFideId "-1"]
[WhiteFideId "-1"]
[PlyCount "76"]
[GameId "2160767908411392"]
[EventDate "2017.05.20"]
[EventType "swiss"]
[EventRounds "6"]
[EventCountry "CAN"]
[SourceTitle "10 Days #408"]
[Source "Chess Mix"]
[SourceDate "2014.08.01"]

1. c4 e6 2. Nf3 d5 3. g3 Nf6 4. b3 Be7 5. Bb2 O-O 6. Bg2 b6 7. O-O Bb7 8. e3 c5 9. Nc3 dxc4 10. bxc4 Nc6 11. d3 Nb4 12. Ne5 Bxg2 13. Kxg2 Nd7 14. Nf3 Qc7 15. a3 Nc6 16. Qe2 Rad8 17. Ne1 Qb7 18. Kg1 f5 19. f4 Bf6 20. Nf3 Rde8 21. Rad1 Na5 22. d4 cxd4 23. exd4 Qc6 24. Ne5 Bxe5 25. fxe5 Qxc4 26. Qg2 b5 27. Ne2 Nb6 28. Bc3 Nc6 29. Rc1 Qd5 30. Qf2 Qd7 31. Rb1 a6 32. d5 Nxd5 33. Rfd1 Qe7 34. Bb2 Rc8 35. Rbc1 Na5 36. Bd4 Nb3 37. Rb1 Nxd4 38. Nxd4 Nc3 0-1

[Event "Paul Keres mem. (42nd)"]
[Site "Richmond CAN"]
[Date "2017.05.20"]
[Round "1.5"]
[White "Gentes, Kevin"]
[Black "North, Robert"]
[Result "1-0"]
[WhiteElo "2350"]
[BlackElo "2056"]
[WhiteFideId "-1"]
[WhiteFideId "-1"]
[PlyCount "53"]
[GameId "2160767908411393"]
[EventDate "2017.05.20"]
[EventType "swiss"]
[EventRounds "6"]
[EventCountry "CAN"]
[SourceTitle "10 Days #408"]
[Source "Chess Mix"]
[SourceDate "2014.08.01"]

1. e4 c5 2. Nf3 e6 3. c4 Nc6 4. Nc3 a6 5. d4 cxd4 6. Nxd4 Qc7 7. Be3 Nf6 8. Rc1 Bb4 9. f3 d6 10. Nb3 O-O 11. a3 Bxc3+ 12. Rxc3 b6 13. Be2 Nd7 14. Nd4 Nxd4 15. Qxd4 Nc5 16. O-O e5 17. Qd2 Be6 18. Rd1 Rad8 19. b4 Nb7 20. Bf1 Rd7 21. Rcc1 f5 22. exf5 Rxf5 23. Bd3 Rf8 24. Qf2 Qb8 25. Bxb6 d5 26. cxd5 Bxd5 27. Bxa6 1-0

[Event "Paul Keres mem. (42nd)"]
[Site "Richmond CAN"]
[Date "2017.05.20"]
[Round "1.7"]
[White "Pechisker, Alfred"]
[Black "Soliven, Joe"]
[Result "1-0"]
[WhiteElo "2262"]
[BlackElo "2041"]
[WhiteFideId "-1"]
[WhiteFideId "-1"]
[PlyCount "101"]
[GameId "2160767908411395"]
[EventDate "2017.05.20"]
[EventType "swiss"]
[EventRounds "6"]
[EventCountry "CAN"]
[SourceTitle "10 Days #408"]
[Source "Chess Mix"]
[SourceDate "2014.08.01"]

1. d4 c5 2. d5 e5 3. e4 d6 4. Bd3 Be7 5. Nf3 Bd7 6. c4 Na6 7. Nc3 Rb8 8. a3 Nc7 9. b4 Na6 10. Rb1 b6 11. h3 h6 12. Be3 Bg5 13. Qd2 f6 14. h4 Bxe3 15. Qxe3 h5 16. Nh2 Ne7 17. f4 Rb7 18. fxe5 dxe5 19. Be2 Nc8 20. b5 Nc7 21. Qg3 Kf8 22. Nf1 Nd6 23. Ne3 Nce8 24. O-O Kg8 25. a4 Bc8 26. Ra1 Rf7 27. Ra2 Rh7 28. Bd3 Kh8 29. a5 bxa5 30. Rfa1 Nb7 31. Nb1 Ned6 32. Nd2 Qe7 33. Nb3 g5 34. Nxa5 Rfg7 35. Nc6 Qf8 36. Rxa7 gxh4 37. Qxh4 Rg5 38. Ra8 Rhg7 39. Rb8 Qg8 40. Qf2 h4 41. Qxh4+ Rh7 42. Qf2 f5 43. Raa8 f4 44. Nf5 Rgh5 45. Qf3 Rxf5 46. exf5 Qe8 47. Na7 e4 48. Bxe4 Nd8 49. Nxc8 Nxe4 50. Nd6 Ng3 51. Qxg3 1-0

[Event "Paul Keres mem. (42nd)"]
[Site "Richmond CAN"]
[Date "2017.05.20"]
[Round "1.8"]
[White "Hemstapat, Andrew"]
[Black "Wiebe, Isaac"]
[Result "0-1"]
[WhiteElo "2030"]
[BlackElo "2243"]
[WhiteFideId "-1"]
[WhiteFideId "-1"]
[PlyCount "140"]
[GameId "2160767908411396"]
[EventDate "2017.05.20"]
[EventType "swiss"]
[EventRounds "6"]
[EventCountry "CAN"]
[SourceTitle "10 Days #408"]
[Source "Chess Mix"]
[SourceDate "2014.08.01"]

1. e4 e6 2. Nf3 d5 3. Nc3 Nf6 4. e5 Nfd7 5. d4 c5 6. Bg5 Qb6 7. dxc5 Bxc5 8. Qd2 Nc6 9. O-O-O O-O 10. Qf4 f6 11. exf6 Nxf6 12. Na4 Qa5 13. Nxc5 Qxc5 14. Qh4 Nb4 15. Bd3 Bd7 16. a3 Nxd3+ 17. Rxd3 Rfc8 18. c3 Bb5 19. Re3 Ne4 20. Be7 Qc4 21. Kb1 Qa4 22. Nd4 e5 23. Rh3 h6 24. Qg4 Bd7 25. Qh5 Nd2+ 26. Ka2 Bxh3 27. Qxe5 Bg4 28. f3 Bd7 29. Qxd5+ Kh8 30. b3 Nxb3 31. Qxb3 Qxb3+ 32. Kxb3 Re8 33. Bd6 Rac8 34. Bf4 Be6+ 35. Kc2 a6 36. Re1 Bf5+ 37. Nxf5 Rxe1 38. Ne3 Rd8 39. h4 Re2+ 40. Kb3 Rd3 41. Nc2 Rxg2 42. Ne1 Rdd2 43. Nxg2 Rxg2 44. Be5 Rg6 45. Kc4 Rc6+ 46. Kd5 Kg8 47. f4 Kf7 48. c4 g6 49. a4 Re6 50. c5 Ke7 51. Bg7 h5 52. Be5 Rc6 53. a5 Kf7 54. Bd6 Kf6 55. Ke4 Ke6 56. Bf8 Rc8 57. Bd6 Rc6 58. Bf8 Rc7 59. Bd6 Rd7 60. Be5 Rd1 61. Bc7 Rh1 62. Bd8 Rc1 63. Bb6 Rc4+ 64. Kd3 Rxf4 65. Bd8 Kd5 66. Bg5 Rf3+ 67. Ke2 Ra3 68. Kf2 Rxa5 69. Ke3 Rxc5 70. Kf4 Rc4+ 0-1

[Event "Paul Keres mem. (42nd)"]
[Site "Richmond CAN"]
[Date "2017.05.20"]
[Round "1.10"]
[White "Huang, Patrick"]
[Black "Nyamdorj, Davaa-Ochir"]
[Result "0-1"]
[WhiteElo "1927"]
[BlackElo "2204"]
[WhiteFideId "-1"]
[WhiteFideId "-1"]
[PlyCount "84"]
[GameId "2160767908411397"]
[EventDate "2017.05.20"]
[EventType "swiss"]
[EventRounds "6"]
[EventCountry "CAN"]
[SourceTitle "10 Days #408"]
[Source "Chess Mix"]
[SourceDate "2014.08.01"]

1. e4 e5 2. d4 exd4 3. Nf3 Nc6 4. Bc4 Nf6 5. O-O Nxe4 6. Re1 d5 7. Bxd5 Qxd5 8. Nc3 Qh5 9. Nxe4 Be6 10. Neg5 O-O-O 11. Nxe6 fxe6 12. Rxe6 Bd6 13. Qe2 d3 14. Qe4 Nd4 15. cxd3 Nxe6 16. Qxe6+ Kb8 17. Be3 Rde8 18. Qc4 Rhf8 19. Rc1 a6 20. h3 Rxf3 21. gxf3 Rxe3 22. fxe3 Qxf3 23. Qe4 Qg3+ 24. Kf1 Qxh3+ 25. Ke2 Qh2+ 26. Kd1 Qxb2 27. d4 Qxa2 28. Qxh7 Bb4 29. Qc2 Qf7 30. Ke2 Qh5+ 31. Kd3 Qf5+ 32. Ke2 Qg4+ 33. Kd3 Bd6 34. Qe2 Qf5+ 35. Kd2 Bb4+ 36. Kd1 g5 37. e4 Qf4 38. Rc4 a5 39. e5 g4 40. d5 Qf5 41. Qxg4 Qd3+ 42. Kc1 Ba3# 0-1

[Event "Paul Keres mem. (42nd)"]
[Site "Richmond CAN"]
[Date "2017.05.20"]
[Round "2"]
[White "Ferguson, Jim"]
[Black "Valencia, Belsar"]
[Result "0-1"]
[WhiteElo "2160"]
[BlackElo "2378"]
[WhiteFideId "-1"]
[WhiteFideId "-1"]
[PlyCount "82"]
[GameId "2160767908411398"]
[EventDate "2017.05.20"]
[EventType "swiss"]
[EventRounds "6"]
[EventCountry "CAN"]
[SourceTitle "CBM 178 Extra"]
[Source "ChessBase"]
[SourceDate "2017.06.22"]
[SourceVersion "1"]
[SourceVersionDate "2017.06.22"]
[SourceQuality "1"]

1. e4 c5 2. Nf3 e6 3. d4 cxd4 4. Nxd4 a6 5. Bd3 Bc5 6. Nb3 Be7 7. O-O Nc6 8. f4 d6 9. Qg4 g6 10. f5 Nf6 11. Qh4 Ne5 12. fxg6 fxg6 13. Bh6 Nfg4 14. Qh3 Qb6+ 15. Kh1 Nf2+ 16. Rxf2 Qxf2 17. N1d2 Qh4 18. Qxh4 Bxh4 19. Bg7 Rg8 20. Bxe5 dxe5 21. Nc4 b5 22. Nxe5 Bf6 23. Ng4 Bxb2 24. Rb1 Bc3 25. e5 Ke7 26. Nc5 h5 27. Nf6 Rg7 28. Be4 Ra7 29. Nd3 Bb7 30. Bxb7 Rxb7 31. Ne4 Rc7 32. a4 bxa4 33. h4 a3 34. Nxc3 Rxc3 35. Rb6 a2 36. Rxa6 Rxc2 37. Kh2 Rf7 38. Nb4 Rc4 39. Nxa2 Rxh4+ 40. Kg1 Re4 41. Ra5 Rf5 0-1

[Event "Paul Keres mem. (42nd)"]
[Site "Richmond CAN"]
[Date "2017.05.20"]
[Round "2.3"]
[White "Sohal, Tanraj"]
[Black "Fratila, Adela"]
[Result "1-0"]
[WhiteElo "2373"]
[BlackElo "2123"]
[WhiteFideId "-1"]
[WhiteFideId "-1"]
[PlyCount "45"]
[GameId "2160767908411401"]
[EventDate "2017.05.20"]
[EventType "swiss"]
[EventRounds "6"]
[EventCountry "CAN"]
[SourceTitle "10 Days #408"]
[Source "Chess Mix"]
[SourceDate "2014.08.01"]

1. d4 f5 2. e4 fxe4 3. Nc3 Nf6 4. Bg5 c6 5. Bxf6 exf6 6. Nxe4 d5 7. Ng3 Bb4+ 8. c3 Qe7+ 9. Be2 Bd6 10. Nf3 Bg4 11. O-O O-O 12. Re1 Qc7 13. Qc2 g6 14. Nh4 Bxe2 15. Rxe2 Qf7 16. Rae1 Na6 17. Ngf5 gxf5 18. Nxf5 Bxh2+ 19. Kxh2 Qh5+ 20. Kg1 Rae8 21. Ne7+ Kf7 22. Re3 Nc7 23. Rh3 1-0

[Event "Paul Keres mem. (42nd)"]
[Site "Richmond CAN"]
[Date "2017.05.20"]
[Round "2.4"]
[White "Gornall, Kirk"]
[Black "Gentes, Kevin"]
[Result "0-1"]
[WhiteElo "2090"]
[BlackElo "2350"]
[WhiteFideId "-1"]
[WhiteFideId "-1"]
[PlyCount "68"]
[GameId "2160767908411402"]
[EventDate "2017.05.20"]
[EventType "swiss"]
[EventRounds "6"]
[EventCountry "CAN"]
[SourceTitle "10 Days #408"]
[Source "Chess Mix"]
[SourceDate "2014.08.01"]

1. d4 Nf6 2. Nc3 e6 3. e4 d5 4. Bg5 Bb4 5. e5 h6 6. Bd2 Bxc3 7. bxc3 Ne4 8. Bd3 Nxd2 9. Qxd2 c5 10. Nf3 c4 11. Be2 Qa5 12. a4 Nd7 13. Qe3 Nb6 14. Kd2 Nxa4 15. Rhb1 b5 16. Ng1 Bd7 17. f4 Rb8 18. Bf3 b4 19. cxb4 Rxb4 20. c3 Rb3 21. Rc1 O-O 22. Bd1 Rfb8 23. Ne2 Qc7 24. Bc2 Rb2 25. Rcb1 Rxb1 26. Rxb1 Rxb1 27. Bxb1 Qb7 28. Bc2 Nb2 29. Qg1 Ba4 30. Qb1 Bxc2 31. Qxc2 Nd3 32. g3 Qb5 33. Nc1 Nf2 34. Qa2 a5 0-1

[Event "Paul Keres mem. (42nd)"]
[Site "Richmond CAN"]
[Date "2017.05.20"]
[Round "2.5"]
[White "Hui, Jeremy"]
[Black "Pechisker, Alfred"]
[Result "1-0"]
[WhiteElo "2084"]
[BlackElo "2262"]
[WhiteFideId "-1"]
[WhiteFideId "-1"]
[PlyCount "83"]
[GameId "2160767908411403"]
[EventDate "2017.05.20"]
[EventType "swiss"]
[EventRounds "6"]
[EventCountry "CAN"]
[SourceTitle "10 Days #408"]
[Source "Chess Mix"]
[SourceDate "2014.08.01"]

1. e4 c5 2. Nf3 e6 3. b3 d5 4. exd5 exd5 5. Bb5+ Bd7 6. Bxd7+ Nxd7 7. O-O Qf6 8. Re1+ Ne7 9. d4 O-O-O 10. Nc3 h6 11. Bb2 c4 12. a4 cxb3 13. cxb3 Qf5 14. Ne5 Nc6 15. Nb5 Ndxe5 16. dxe5 Bb4 17. Re3 Kb8 18. Rc1 Rd7 19. Rxc6 bxc6 20. Nd4 Qg6 21. Rg3 Qe4 22. Nxc6+ Kb7 23. Re3 Kxc6 24. Rxe4 dxe4 25. Qc2+ Kb6 26. g3 Rhd8 27. Qc4 a5 28. Bc1 Rd1+ 29. Kg2 R8d5 30. Be3+ Kb7 31. Qxe4 Kc6 32. Qf3 Bc3 33. Qxf7 Bxe5 34. Qe6+ Kb7 35. Qb6+ Kc8 36. b4 axb4 37. a5 Bc7 38. Qe6+ Rd7 39. a6 R1d6 40. Qc4 Rd8 41. Bf4 R6d7 42. Qc6 1-0

[Event "Paul Keres mem. (42nd)"]
[Site "Richmond CAN"]
[Date "2017.05.20"]
[Round "2.6"]
[White "Wiebe, Isaac"]
[Black "Zhou, Aiden"]
[Result "0-1"]
[WhiteElo "2243"]
[BlackElo "1958"]
[WhiteFideId "-1"]
[WhiteFideId "-1"]
[PlyCount "96"]
[GameId "2160767908411404"]
[EventDate "2017.05.20"]
[EventType "swiss"]
[EventRounds "6"]
[EventCountry "CAN"]
[SourceTitle "10 Days #408"]
[Source "Chess Mix"]
[SourceDate "2014.08.01"]

1. d4 Nf6 2. Bf4 e6 3. e3 b6 4. Nf3 Bb7 5. Nbd2 Be7 6. h3 O-O 7. Bd3 d6 8. c3 Nbd7 9. Qc2 Re8 10. O-O h6 11. Rfe1 Bf8 12. Bh2 a6 13. e4 e5 14. Rad1 b5 15. Nf1 Qc8 16. Ng3 c5 17. d5 c4 18. Bf1 g6 19. Nh1 Nb6 20. g4 Nfd7 21. Ng3 a5 22. Kh1 Ba6 23. Be2 Nc5 24. Rg1 b4 25. cxb4 axb4 26. Nd2 Nd3 27. Bxd3 cxd3 28. Qb3 Qc5 29. Rgf1 Nc4 30. a3 bxa3 31. bxa3 Nxd2 32. Rxd2 Reb8 33. Qd1 Qxa3 34. h4 Rb2 35. h5 Be7 36. hxg6 fxg6 37. Qc1 Rb3 38. Qc6 Bb5 39. Qc7 Qa7 40. Qc1 Bg5 41. Qd1 Bc4 42. Bg1 Bxd2 43. Qxd2 Qb7 44. Qxh6 Qh7 45. Qxh7+ Kxh7 46. Rc1 d2 47. Rd1 Rb2 48. Kg2 Bb3 0-1

[Event "Paul Keres mem. (42nd)"]
[Site "Richmond CAN"]
[Date "2017.05.20"]
[Round "2.7"]
[White "Nyamdorj, Davaa-Ochir"]
[Black "Zheng, Maven"]
[Result "1-0"]
[WhiteElo "2204"]
[BlackElo "1849"]
[WhiteFideId "-1"]
[WhiteFideId "-1"]
[PlyCount "131"]
[GameId "2160767908411405"]
[EventDate "2017.05.20"]
[EventType "swiss"]
[EventRounds "6"]
[EventCountry "CAN"]
[SourceTitle "10 Days #408"]
[Source "Chess Mix"]
[SourceDate "2014.08.01"]

1. e4 c5 2. Nf3 d6 3. Bb5+ Bd7 4. Bxd7+ Nxd7 5. O-O Ngf6 6. Re1 e6 7. d3 Be7 8. Nc3 O-O 9. Bf4 Qb6 10. Qc1 Rfe8 11. a4 Rad8 12. Ra3 h6 13. Nd2 d5 14. Nb5 e5 15. exd5 Nxd5 16. Bxe5 Bg5 17. Bg3 a6 18. Nc3 Bxd2 19. Qxd2 Qxb2 20. Rea1 Nb4 21. Ne4 Qxc2 22. Qf4 Ne5 23. Rc3 Qb2 24. Rd1 Nexd3 25. Qh4 f6 26. Nxf6+ gxf6 27. Qxf6 Rd7 28. Qg6+ Kf8 29. Bd6+ Ree7 30. Qxh6+ Kg8 31. Qg6+ Kf8 32. Qf6+ Ke8 33. Qh8+ Kf7 34. Qh5+ Kf8 35. Bxe7+ Rxe7 36. Qh6+ Ke8 37. Rcxd3 Nxd3 38. Qg6+ Rf7 39. Qxd3 Qxf2+ 40. Kh1 Kf8 41. h3 Qf4 42. a5 Qc7 43. Qd8+ Kg7 44. Qg5+ Kh7 45. Qd5 Kg7 46. Rc1 Re7 47. Qg5+ Kh8 48. Qh4+ Kg8 49. Rc3 Rh7 50. Qc4+ Rf7 51. Rf3 Kg7 52. Qxf7+ Qxf7 53. Rxf7+ Kxf7 54. Kg1 Ke6 55. Kf2 Kd5 56. Ke2 Kc4 57. Kd2 Kb4 58. h4 Kxa5 59. h5 b5 60. h6 Ka4 61. h7 a5 62. h8=Q c4 63. Qc3 b4 64. Qxc4 Ka3 65. Kc2 a4 66. Kb1 1-0

[Event "Paul Keres mem. (42nd)"]
[Site "Richmond CAN"]
[Date "2017.05.20"]
[Round "2.8"]
[White "Chung, Alec"]
[Black "Patterson, Roger"]
[Result "0-1"]
[WhiteElo "1805"]
[BlackElo "2149"]
[WhiteFideId "-1"]
[WhiteFideId "-1"]
[PlyCount "76"]
[GameId "2160767908411406"]
[EventDate "2017.05.20"]
[EventType "swiss"]
[EventRounds "6"]
[EventCountry "CAN"]
[SourceTitle "10 Days #408"]
[Source "Chess Mix"]
[SourceDate "2014.08.01"]

1. c4 Nf6 2. Nc3 c5 3. g3 e6 4. e4 Nc6 5. Bg2 Be7 6. Nge2 O-O 7. d3 a6 8. h3 Rb8 9. a4 Nb4 10. Be3 d5 11. Bf4 Ra8 12. O-O d4 13. Na2 Nc6 14. g4 Ne8 15. Bh2 f5 16. exf5 exf5 17. Bd5+ Kh8 18. Ng3 fxg4 19. hxg4 Nf6 20. Bf3 Ne5 21. Nf5 Nxf3+ 22. Qxf3 Nxg4 23. Qxg4 Bxf5 24. Qg2 Bxd3 25. Rfe1 Bd6 26. Bxd6 Qxd6 27. Qxb7 Bxc4 28. Re7 Bd5 29. Qc7 Qf6 30. Rf1 Bxa2 31. Qxc5 Rac8 32. Rc7 Rxc7 33. Qxc7 Qf3 34. Qd6 Bd5 35. Qh2 Qg4+ 36. Qg3 Qxg3+ 37. fxg3 Rxf1+ 38. Kxf1 Bb3 0-1

[Event "Paul Keres mem. (42nd)"]
[Site "Richmond CAN"]
[Date "2017.05.20"]
[Round "2.10"]
[White "Su, Michael"]
[Black "Tang, Edward"]
[Result "1/2-1/2"]
[WhiteElo "1908"]
[BlackElo "2046"]
[WhiteFideId "-1"]
[WhiteFideId "-1"]
[PlyCount "56"]
[GameId "2160767908411408"]
[EventDate "2017.05.20"]
[EventType "swiss"]
[EventRounds "6"]
[EventCountry "CAN"]
[SourceTitle "10 Days #408"]
[Source "Chess Mix"]
[SourceDate "2014.08.01"]

1. d4 d5 2. Nf3 Nf6 3. e3 c5 4. b3 Nc6 5. Bb2 Bg4 6. Be2 e6 7. Nbd2 cxd4 8. Nxd4 Bxe2 9. Qxe2 Bb4 10. O-O Nxd4 11. Bxd4 Bxd2 12. Qxd2 O-O 13. Rac1 Ne4 14. Qd3 Qa5 15. f3 Nc5 16. Qe2 Rfc8 17. c4 Qa6 18. Qd2 Qd6 19. b4 Nd7 20. cxd5 Qxd5 21. e4 Qb5 22. Rfd1 Nb6 23. Rc5 Qe8 24. Qg5 Qf8 25. Rxc8 Rxc8 26. Bc5 Qe8 27. Bd4 Qf8 28. Bc5 Qe8 1/2-1/2

[Event "Paul Keres mem. (42nd)"]
[Site "Richmond CAN"]
[Date "2017.05.20"]
[Round "2.11"]
[White "Hemstapat, Andrew"]
[Black "Orlov, Georgi"]
[Result "0-1"]
[WhiteElo "2030"]
[BlackElo "2529"]
[WhiteFideId "-1"]
[WhiteFideId "-1"]
[PlyCount "114"]
[GameId "2160767908411409"]
[EventDate "2017.05.20"]
[EventType "swiss"]
[EventRounds "6"]
[EventCountry "CAN"]
[SourceTitle "10 Days #408"]
[Source "Chess Mix"]
[SourceDate "2014.08.01"]

1. e4 d6 2. d4 Nf6 3. Nc3 g6 4. f3 c6 5. Be3 Qb6 6. Rb1 Bg7 7. Qd2 O-O 8. Bc4 Qc7 9. a4 a6 10. h4 b5 11. Ba2 Nbd7 12. h5 Nxh5 13. g4 Nhf6 14. Bh6 Bh8 15. Bxf8 Nxf8 16. Qh2 e5 17. dxe5 dxe5 18. Nge2 Bg7 19. Ng3 b4 20. Nd1 Qa5 21. Bb3 h6 22. Ne3 N6h7 23. Nc4 Qc7 24. Qd2 Ng5 25. O-O Qe7 26. Kg2 Nfe6 27. Ne2 a5 28. Rbd1 Ba6 29. Qe3 Nd4 30. Nxd4 exd4 31. Qd3 Ne6 32. f4 Nc5 33. Qf3 Bxc4 34. Bxc4 Nxa4 35. Rde1 Nxb2 36. Ba2 Rd8 37. Rb1 Na4 38. Rbe1 Nc5 39. Bc4 Ne6 40. e5 Qc5 41. Qd3 Nc7 42. f5 gxf5 43. gxf5 Bxe5 44. f6 Kh8 45. Bxf7 Bxf6 46. Rf5 Qd6 47. Qh3 Bg7 48. Ref1 Qe7 49. Qg3 Nd5 50. Bxd5 Rxd5 51. Rxd5 Qe4+ 52. Qf3 cxd5 53. Kh1 a4 54. Qxe4 dxe4 55. Rb1 d3 56. cxd3 b3 57. dxe4 b2 0-1

[Event "Paul Keres mem. (42nd)"]
[Site "Richmond CAN"]
[Date "2017.05.21"]
[Round "3"]
[White "Huang, Patrick"]
[Black "Ferguson, Jim"]
[Result "1-0"]
[WhiteElo "1927"]
[BlackElo "2160"]
[WhiteFideId "-1"]
[WhiteFideId "-1"]
[PlyCount "51"]
[GameId "2160767908411410"]
[EventDate "2017.05.20"]
[EventType "swiss"]
[EventRounds "6"]
[EventCountry "CAN"]
[SourceTitle "CBM 178 Extra"]
[Source "ChessBase"]
[SourceDate "2017.06.22"]
[SourceVersion "1"]
[SourceVersionDate "2017.06.22"]
[SourceQuality "1"]

1. e4 e5 2. d4 exd4 3. Nf3 Nc6 4. Bc4 Nf6 5. O-O Bc5 6. e5 d5 7. exf6 dxc4 8. fxg7 Rg8 9. Bg5 Qd5 10. Nc3 Qf5 11. Re1+ Be6 12. Ne4 Be7 13. Bxe7 Kxe7 14. Nxd4 Qd5 15. Nxc6+ bxc6 16. Qf3 Qf5 17. Qa3+ c5 18. Nxc5 Kf6 19. Qc3+ Ke7 20. Re5 Qf6 21. Rae1 Qxg7 22. g3 Qg4 23. Nxe6 fxe6 24. Rxe6+ Kd7 25. Qd2+ Kc8 26. Qd5 1-0

[Event "Paul Keres mem. (42nd)"]
[Site "Richmond CAN"]
[Date "2017.05.21"]
[Round "3.1"]
[White "Valencia, Belsar"]
[Black "Nyamdorj, Davaa-Ochir"]
[Result "1/2-1/2"]
[WhiteElo "2378"]
[BlackElo "2204"]
[WhiteFideId "-1"]
[WhiteFideId "-1"]
[PlyCount "54"]
[GameId "2160767908411411"]
[EventDate "2017.05.20"]
[EventType "swiss"]
[EventRounds "6"]
[EventCountry "CAN"]
[SourceTitle "10 Days #408"]
[Source "Chess Mix"]
[SourceDate "2014.08.01"]

1. c4 e6 2. Nf3 Nf6 3. g3 d5 4. Bg2 Bd6 5. O-O O-O 6. d3 c6 7. Bg5 h6 8. Bxf6 Qxf6 9. Nc3 Nd7 10. Qc2 a6 11. d4 Qe7 12. e4 dxc4 13. Nd2 b5 14. e5 Bc7 15. Bxc6 Rb8 16. a4 Qb4 17. axb5 axb5 18. Rfb1 Bb6 19. Nf3 f6 20. Nd5 exd5 21. Bxd5+ Kh8 22. e6 Qd6 23. Nh4 g5 24. Ng6+ Kg7 25. exd7 Bxd7 26. Nxf8 Rxf8 27. Bg2 f5 1/2-1/2

[Event "Paul Keres mem. (42nd)"]
[Site "Richmond CAN"]
[Date "2017.05.21"]
[Round "3.2"]
[White "Zhou, Aiden"]
[Black "Sohal, Tanraj"]
[Result "0-1"]
[WhiteElo "1958"]
[BlackElo "2373"]
[WhiteFideId "-1"]
[WhiteFideId "-1"]
[PlyCount "126"]
[GameId "2160767908411412"]
[EventDate "2017.05.20"]
[EventType "swiss"]
[EventRounds "6"]
[EventCountry "CAN"]
[SourceTitle "10 Days #408"]
[Source "Chess Mix"]
[SourceDate "2014.08.01"]

1. d4 Nf6 2. Bg5 d5 3. e3 Ne4 4. Bf4 c5 5. f3 Nf6 6. Nc3 e6 7. Nb5 Na6 8. c3 Be7 9. dxc5 Bxc5 10. b4 Be7 11. Bd3 O-O 12. Qc2 g6 13. Ne2 Nh5 14. Be5 Bd7 15. a4 Bf6 16. Bxf6 Nxf6 17. O-O Nc7 18. Nxc7 Qxc7 19. c4 dxc4 20. Qxc4 Qb6 21. Qd4 Nd5 22. Be4 Qxd4 23. exd4 Nxb4 24. Bxb7 Rab8 25. Be4 a5 26. Rfc1 Rfc8 27. f4 Kf8 28. Kf2 Ke7 29. Ke3 f5 30. Bd3 Rxc1 31. Rxc1 Nd5+ 32. Kf2 Bxa4 33. Rc5 Ra8 34. Bc4 Kd6 35. Bxd5 exd5 36. Ke3 Bc6 37. Nc3 a4 38. Na2 Rb8 39. Kd3 Rb2 40. Rc2 Rb8 41. Rc5 Bb5+ 42. Kc3 Bf1 43. Ra5 Rb3+ 44. Kc2 Bd3+ 45. Kd2 Rb2+ 46. Kxd3 Rxa2 47. g3 a3 48. Ra6+ Kc7 49. Ra7+ Kb6 50. Rxh7 Rd2+ 51. Kxd2 a2 52. Rh6 a1=Q 53. Rxg6+ Kb5 54. Kd3 Qf1+ 55. Ke3 Qe1+ 56. Kd3 Qe4+ 57. Kc3 Qe3+ 58. Kc2 Qxd4 59. h4 Qe4+ 60. Kd2 Kc4 61. Rc6+ Kd4 62. Rc1 Qg2+ 63. Kd1 Kd3 0-1

[Event "Paul Keres mem. (42nd)"]
[Site "Richmond CAN"]
[Date "2017.05.21"]
[Round "3.3"]
[White "Gentes, Kevin"]
[Black "Hui, Jeremy"]
[Result "0-1"]
[WhiteElo "2350"]
[BlackElo "2084"]
[WhiteFideId "-1"]
[WhiteFideId "-1"]
[PlyCount "146"]
[GameId "2160767908411413"]
[EventDate "2017.05.20"]
[EventType "swiss"]
[EventRounds "6"]
[EventCountry "CAN"]
[SourceTitle "10 Days #408"]
[Source "Chess Mix"]
[SourceDate "2014.08.01"]

1. Nf3 c5 2. e4 d6 3. Bb5+ Nd7 4. O-O a6 5. Bd3 Ngf6 6. Re1 e5 7. c3 Qc7 8. Bf1 Be7 9. d4 O-O 10. a4 Re8 11. d5 g6 12. c4 Nh5 13. Nc3 Ng7 14. g3 f5 15. Ng5 Nf8 16. f4 Bf6 17. exf5 gxf5 18. fxe5 Rxe5 19. Rxe5 Bxe5 20. Nf3 Bf6 21. Bg5 Qf7 22. Bf4 Qe7 23. Qd2 Ng6 24. Re1 Qf8 25. Bg5 Bd7 26. Bxf6 Qxf6 27. Bh3 Re8 28. Rf1 Ne5 29. Nxe5 Qxe5 30. Rf2 Re7 31. Re2 Qf6 32. Rxe7 Qxe7 33. Kf2 Nh5 34. Qe2 Qg5 35. Ne4 fxe4 36. Bxd7 Nf6 37. Be6+ Kg7 38. Qe3 Qe5 39. Qc3 Qh5 40. h3 Qd1 41. g4 Qh1 42. Qg3 Qc1 43. Qc3 Qf4+ 44. Ke2 Qh2+ 45. Kf1 Qh1+ 46. Kf2 e3+ 47. Kxe3 Qxh3+ 48. Kf4 Qf1+ 49. Ke3 Kg6 50. a5 Kg5 51. Qd3 Qc1+ 52. Kf3 Qf4+ 53. Kg2 Ne4 54. Bf5 Qd2+ 55. Qxd2+ Nxd2 56. Bxh7 Nxc4 57. Kf3 Ne5+ 58. Ke3 Nxg4+ 59. Kd2 Nf6 60. Bd3 Kf4 61. Bf1 Ke4 62. Bg2+ Kd4 63. Bh3 Kxd5 64. Bg2+ Kc4 65. Bxb7 Kb5 66. Kc3 d5 67. b3 Kxa5 68. Bc6 Kb6 69. Ba8 a5 70. Kd3 Kb5 71. Kc3 d4+ 72. Kc2 c4 73. Bg2 c3 0-1

[Event "Paul Keres mem. (42nd)"]
[Site "Richmond CAN"]
[Date "2017.05.21"]
[Round "3.5"]
[White "Wu, Howard"]
[Black "Wiebe, Isaac"]
[Result "1-0"]
[WhiteElo "2149"]
[BlackElo "2243"]
[WhiteFideId "-1"]
[WhiteFideId "-1"]
[PlyCount "43"]
[GameId "2160767908411415"]
[EventDate "2017.05.20"]
[EventType "swiss"]
[EventRounds "6"]
[EventCountry "CAN"]
[SourceTitle "10 Days #408"]
[Source "Chess Mix"]
[SourceDate "2014.08.01"]

1. e4 e6 2. d4 d5 3. Nd2 Nf6 4. e5 Nfd7 5. Bd3 c5 6. c3 Nc6 7. Ne2 cxd4 8. cxd4 f6 9. exf6 Nxf6 10. Nf3 Bd6 11. O-O Qc7 12. Nc3 a6 13. Bg5 O-O 14. Bh4 Nh5 15. Bg3 Nxg3 16. hxg3 Bd7 17. Rc1 b5 18. Ng5 h6 19. Bh7+ Kh8 20. Bb1 Qd8 21. Qd3 Rf5 22. Nf7+ 1-0

[Event "Paul Keres mem. (42nd)"]
[Site "Richmond CAN"]
[Date "2017.05.21"]
[Round "3.6"]
[White "Orlov, Georgi"]
[Black "Soliven, Joe"]
[Result "1-0"]
[WhiteElo "2529"]
[BlackElo "2041"]
[WhiteFideId "-1"]
[WhiteFideId "-1"]
[PlyCount "103"]
[GameId "2160767908411416"]
[EventDate "2017.05.20"]
[EventType "swiss"]
[EventRounds "6"]
[EventCountry "CAN"]
[SourceTitle "10 Days #408"]
[Source "Chess Mix"]
[SourceDate "2014.08.01"]

1. e4 c6 2. c4 e5 3. Nf3 d6 4. d4 Qc7 5. Be2 Be7 6. Nc3 Nd7 7. O-O a6 8. Be3 h6 9. b4 b6 10. b5 axb5 11. cxb5 c5 12. Nd5 Qb8 13. dxe5 dxe5 14. Bc4 Ngf6 15. Qb3 Nxd5 16. Bxd5 O-O 17. Bxa8 Qxa8 18. Nd2 Nf6 19. f3 Be6 20. Nc4 Rb8 21. a4 Nd7 22. Rfd1 Qa7 23. Qc3 Qc7 24. Bf2 Bxc4 25. Qxc4 Nf8 26. Rd5 Ra8 27. Bg3 Bf6 28. Qc3 Ng6 29. a5 Rc8 30. a6 h5 31. Rad1 h4 32. Rd7 Qb8 33. Qc4 Rf8 34. Bf2 Nf4 35. Rb7 Qc8 36. Rxb6 Rd8 37. Rbd6 Rxd6 38. Rxd6 Qc7 39. Rd2 Be7 40. Ra2 Qa7 41. Ra1 h3 42. g3 Ne6 43. b6 Qxb6 44. a7 Ng5 45. a8=Q+ Kh7 46. Qe2 Qb3 47. Be3 c4 48. Qaa2 Qc3 49. Bxg5 Bc5+ 50. Kh1 f6 51. Rc1 Qd4 52. Be3 1-0